Loading...

The Mongol Empire

As the largest contiguous empire in history, the Mongol Empire looms large in history: it permanently changed the map of Eurasia as well as how the world was viewed. As the empire expanded, the Mongols were alternately seen as liberators, destroyers, and harbingers of apocalyptic doom. At the same t...

Full description

Bibliographic Details
Main Author: May, Timothy Michael
Format: Printed Book
Published: UK Edinburgh university press 2018
Series:The Edinburgh History of the Islamic Empires
Subjects:
LEADER 01037cam a2200217 i 4500
020 |a 9780748642366 
020 |a 0748642366 
020 |a 9780748642373 
020 |a 0748642374 
082 0 4 |a 950.2  |b MAY/M 
100 1 |a May, Timothy Michael 
245 1 4 |a The Mongol Empire  
260 |a UK  |b Edinburgh university press  |c 2018 
300 |a xxii, 416 p.  |b illustrations, maps ; 
490 1 |a The Edinburgh History of the Islamic Empires 
520 8 |a As the largest contiguous empire in history, the Mongol Empire looms large in history: it permanently changed the map of Eurasia as well as how the world was viewed. As the empire expanded, the Mongols were alternately seen as liberators, destroyers, and harbingers of apocalyptic doom. At the same time, they ushered in an era of religious tolerance and cross-cultural transmission. 
650 0 |a Mongols 
650 7 |a Mongols. 
942 |c BK 
999 |c 59896  |d 59896 
952 |0 0  |1 0  |4 0  |6 950_200000000000000_MAY_M  |7 0  |9 67047  |a KUCL  |c Stack  |d 2020-11-19  |g 29.99  |l 0  |o 950.2 MAY/M  |p 51249  |r 2020-11-19  |y BK